Регионална библиотека "Любен Каравелов" - Русе

Културно-политическа история на Враца (Запис номер 184040)

MARC детайли
000 -Лидер
Контролно поле с фиксирана дължина 02554nam a2200469 c 4500
003 - Код на организацията, давaща контролен номер
Контролно поле BLK
005 - Дата и час на последна редакция
Контролно поле 20240313005508.0
008 - Елементи от данни с фиксирана дължина
fixed length control field 180411b bul|||||r ||||||| ||bul||
010 ## - Наследен системен номер
LC control number KNG00192992000
040 ## - Източник на каталожния запис
Идентификатор на билиотеката - собственик на записа BLK
041 ## - Код за език
Код за езика на текст/звукозапис или на отделно заглавие Български
Код за езика КДБФ Български
072 #7 - Код за тематичната категория
Код организация bullib
Код за тематична категория А
Текст Фонд Михаил Арнаудов
072 #7 - Код за тематичната категория
Код организация bullib
Код за тематична категория Я
Текст Автографи
080 ## - УДК
Текстов определител УДК История на България
УДК код - определител по УДК 94(497.2)
УДК - код + определител 94(497.2)
080 ## - УДК
Текстов определител УДК Краезнание
УДК код - определител по УДК 908
УДК определител (497.213)
УДК - код + определител 908(497.213)
100 1# - Редна дума - Автор
Автор Йоцов, Димитър Ангелов
Авторска отговорност първи автор
R(LIN) 380536
139 ## - Редно поле
Редна дума Йоцов, Димитър Ангелов
Авторски знак Иот - И 85
245 10 - Сведения за заглавието
Заглавие Културно-политическа история на Враца
Подзаглавни данни Т. 1 - 2
Редно поле (дума) Димитър Ангелов Йоцов; предг. от Михаил Петров Арнаудов.
Том Т. 1
Заглавие на том От Римската епоха до Освобождението
257 ## - Страна на издаване
Страна на създаване/издаване България
260 ## - Област на издателските данни
Име на издателя, разпространителя и проч. Изд. авт.
Година на издаване 1937 -
Печатница Враца : Влад. Пършоров
300 ## - Физическа характеристика
Размери/Мащаб 20 см
380 ## - Жанр
Жанр История
490 ## - СЕРИИ (Колекции)
9 (RLIN) 396381
Име на серия Частна колекция - Академик Михаил Арнаудов
Бележки за серията Дарение - Основен фонд
500 ## - Общи забележки
Забележка На загл. с. Културно-политическа история на Вратца
500 ## - Общи забележки
Забележка Автограф с текст:
650 #4 - Допълнително описание по предмет – тема
Основно описание – тема или топоним История - Враца
9 (RLIN) 265849
651 #4 - Допълнително описание по предмет - топоним
Географско понятие Враца
9 (RLIN) 178722
653 ## - Ключова дума – ненормативна
Ключова дума краезнание
653 ## - Ключова дума – ненормативна
Ключова дума градове
659 ## - Тематичен бюлетин
Тематичен бюлетин А
659 ## - Тематичен бюлетин
Тематичен бюлетин Я
700 1# - Други автори (авторска отговорност)
Лично име Арнаудов, Михаил Петров
9 (RLIN) 33558
760 1# - Описание на основната серия
Редна дума на основното описание Йоцов, Димитър Ангелов
Място на издаване, издател и година 1937
Страници - том ХVI, 392 с. : с ил., 1 л. портр.
Забележка - том Мека подв., неразрязана. - Писмо на М. Арнаудов до Надежда Драгова - мнение за книгата й за Паисий - с. ХV ; Статия за стогодишнината на Димитраки Хаджи Тошев: в. Читалишно дело, 30 май 1927, № 4 - с. 131 ; Автограф с текст A Mon Vieil Ami M. le Prof. Arnaoudoff Hommage ef Souvenir de l'Auteur Д. Йоцов Sofia le 1.V.1937
Заглавие Т. 1 От Римската епоха до Освобождението
852 ## - Местоположение
Форматна сигнатура МА 16
856 4# - Електронен адрес и достъп
Електронен формат pdf - файл
856 4# - Електронен адрес и достъп
Електронен формат pdf - файл
999 ## - СИСТЕМНИ КОНТРОЛНИ НОМЕРА
Koha biblionumber 184040
Koha biblioitemnumber 184040
942 ## - АРТИКУЛИ
Вид на библиотечния материал Книги
Скрит в OPAC Не
Периодичен библиозапис Да
944 ## - СЪЗДАВАНЕ И РЕДАКЦИЯ на ЗАПИСА
Създаване/Редакция Създаване
Дата на регистрацията/редакция 13.10.2016
Служител, извършил регистрацията/редакцията
Статус, дата на статуса CRON CRON
944 ## - СЪЗДАВАНЕ И РЕДАКЦИЯ на ЗАПИСА
Създаване/Редакция Редакция
Дата на регистрацията/редакция 13.10.2016
Служител, извършил регистрацията/редакцията Геновева_Генчева
999 ## - СИСТЕМНИ КОНТРОЛНИ НОМЕРА
Koha biblioitemnumber 184040
999 ## - СИСТЕМНИ КОНТРОЛНИ НОМЕРА
Koha biblioitemnumber 184040
Наличности
Код за отписване Код за изгубен артикул Източник на класификационната схема Код за повреда Коз за рестрикции Код за отдаване Артикулен № Име на библиотеката - собственик Име на библиотеката, в която се намира в момента Статус (Текущо местоположение) Дата на вписване в системата Местоположение - отдел Цена в лева Номерация (Хронология) Инвентарен номер Систематично азбучна сигнатура Баркод Номер на екземпляра Цена в евро Служебна бележка Служебен тип на артикула
  Не е изгубен Universal Decimal Classification Не е повреден само за читалня Специални фондове ( старопечатни, редки и ценни, фонд М. Арнаудов) 317744 Регионална библиотека "Любен Каравелов" Русе Регионална библиотека "Любен Каравелов" Русе Фонд "Михаил Арнаудов" 1973-01-01 Фонд "Михаил Арнаудов" 200.00 Автограф: Димитър Йоцов 590464 МА 16 120000590464 1 102.26 Дост: DA Вид: А N: стар фонд Дата: 01.01.1973 Книги
Vip Innovations Ltd, Rousse, Bulgaria 2025